National Anthem of Czechoslovakia - Statistics

General Stats
  • This quiz has been taken 10 times
  • The average score is 65 of 70
Answer Stats
Lyrics % Correct
A
100%
bijú
100%
bijú
100%
blýska
100%
blýska
100%
bory
100%
divo
100%
divo
100%
domov
100%
domov
100%
domov
100%
domov
100%
Hromy
100%
Hromy
100%
hučí
100%
Kde
100%
kde
100%
lučinách,
100%
můj,
100%
můj,
100%
můj!
100%
můj!
100%
na
100%
Nad
100%
Nad
100%
po
100%
po
100%
sa
100%
sa
100%
sa
100%
sa
100%
sadě
100%
se
100%
šumí
100%
ta
100%
Tatrou
100%
Tatrou
100%
v
100%
voda
100%
bratia
90%
bratia
90%
česká
90%
česká
90%
jara
90%
je
90%
krásná
90%
květ,
90%
ožijú
90%
pohled!
90%
ráj
90%
skví
90%
Slováci
90%
Slováci
90%
to
90%
to
90%
Veď
90%
Veď
90%
země,
90%
země
90%
Země
90%
zemský-
90%
stratia
80%
stratia
80%
Zastavme
80%
Zastavme
80%
ich,
70%
ich,
70%
ony
70%
ony
70%
salinách,
0%
No matching quizzes found
Score Distribution
Percent of People with Each Score
Percentile by Number Answered
Your Score History
You have not taken this quiz